<?xml version="1.0" encoding="UTF-8"?><?xml-stylesheet type="text/xsl" href="static/style.xsl"?><OAI-PMH xmlns="http://www.openarchives.org/OAI/2.0/" xmlns:xsi="http://www.w3.org/2001/XMLSchema-instance" xsi:schemaLocation="http://www.openarchives.org/OAI/2.0/ http://www.openarchives.org/OAI/2.0/OAI-PMH.xsd"><responseDate>2026-04-18T00:06:06Z</responseDate><request verb="GetRecord" identifier="oai:www.recercat.cat:20.500.12327/1629" metadataPrefix="marc">https://recercat.cat/oai/request</request><GetRecord><record><header><identifier>oai:recercat.cat:20.500.12327/1629</identifier><datestamp>2025-10-22T11:15:30Z</datestamp><setSpec>com_2072_4428</setSpec><setSpec>com_2072_4427</setSpec><setSpec>col_2072_487898</setSpec></header><metadata><record xmlns="http://www.loc.gov/MARC21/slim" xmlns:dcterms="http://purl.org/dc/terms/" xmlns:xsi="http://www.w3.org/2001/XMLSchema-instance" xmlns:doc="http://www.lyncode.com/xoai" xsi:schemaLocation="http://www.loc.gov/MARC21/slim http://www.loc.gov/standards/marcxml/schema/MARC21slim.xsd">
   <leader>00925njm 22002777a 4500</leader>
   <datafield ind2=" " ind1=" " tag="042">
      <subfield code="a">dc</subfield>
   </datafield>
   <datafield ind2=" " ind1=" " tag="720">
      <subfield code="a">Fematt-Flores, Gabriela Eugenia</subfield>
      <subfield code="e">author</subfield>
   </datafield>
   <datafield ind2=" " ind1=" " tag="720">
      <subfield code="a">Aguiló-Aguayo, Ingrid</subfield>
      <subfield code="e">author</subfield>
   </datafield>
   <datafield ind2=" " ind1=" " tag="720">
      <subfield code="a">Marcos, Begonya</subfield>
      <subfield code="e">author</subfield>
   </datafield>
   <datafield ind2=" " ind1=" " tag="720">
      <subfield code="a">Camargo-Olivas, Belén Arely</subfield>
      <subfield code="e">author</subfield>
   </datafield>
   <datafield ind2=" " ind1=" " tag="720">
      <subfield code="a">Sánchez-Vega, Rogelio</subfield>
      <subfield code="e">author</subfield>
   </datafield>
   <datafield ind2=" " ind1=" " tag="720">
      <subfield code="a">Soto-Caballero, Mayra Cristina</subfield>
      <subfield code="e">author</subfield>
   </datafield>
   <datafield ind2=" " ind1=" " tag="720">
      <subfield code="a">Salas-Salazar, Nora Aideé</subfield>
      <subfield code="e">author</subfield>
   </datafield>
   <datafield ind2=" " ind1=" " tag="720">
      <subfield code="a">Flores-Córdova, María Antonia</subfield>
      <subfield code="e">author</subfield>
   </datafield>
   <datafield ind2=" " ind1=" " tag="720">
      <subfield code="a">Rodríguez-Roque, María Janeth</subfield>
      <subfield code="e">author</subfield>
   </datafield>
   <datafield ind2=" " ind1=" " tag="260">
      <subfield code="c">2022-02-02</subfield>
   </datafield>
   <datafield ind2=" " ind1=" " tag="520">
      <subfield code="a">Edible films are thin preformed layers that provide food protection against adverse envi‐ ronmental conditions. Despite milk proteins being functional ingredients that can provide interest‐ ing features to films, there is scarce information evaluating their influence on film properties and stability. For this reason, this research work compared the mechanical (thickness, tensile strength, elongation at break), hydrodynamic (moisture content, water solubility, swelling ratio, water vapor transmission rate), color and antioxidant (DPPH) properties of edible films based on casein and whey protein isolate (two types, WPI1 and WPI2). Films with casein displayed the highest thickness (0.193 mm), elongation at break (49.67%), moisture content (40.21%) and antioxidant capacity (32.64% of DPPH inhibition), while obtaining the lowest water vapor transmission rate (15.28 g/m2∙day). Significant differences were found in the color properties, mainly between films with casein and those made with WPI. Films containing WPI1 and WPI2 were statistically similar in thick‐ ness, tensile strength and color properties. The results showed that the properties of the edible films depended on the type of milk protein used. Thus, it is important to evaluate the features provided by different ingredients and formulations for obtaining edible films that properly preserve food.</subfield>
   </datafield>
   <datafield ind1="8" ind2=" " tag="024">
      <subfield code="a">Fematt-Flores, Gabriela Eugenia, Ingrid Aguiló-Aguayo, Begonya Marcos, Belén Arely Camargo-Olivas, Rogelio Sánchez-Vega, Mayra Cristina Soto-Caballero, Nora Aideé Salas-Salazar, María Antonia Flores-Córdova, and María Janeth Rodríguez-Roque. 2022. "Milk Protein-Based Edible Films: Influence On Mechanical, Hydrodynamic, Optical And Antioxidant Properties". Coatings 12 (2): 196. doi:10.3390/coatings12020196.</subfield>
   </datafield>
   <datafield ind1="8" ind2=" " tag="024">
      <subfield code="a">2079-6412</subfield>
   </datafield>
   <datafield ind1="8" ind2=" " tag="024">
      <subfield code="a">http://hdl.handle.net/20.500.12327/1629</subfield>
   </datafield>
   <datafield ind1="8" ind2=" " tag="024">
      <subfield code="a">https://doi.org/10.3390/coatings12020196</subfield>
   </datafield>
   <datafield ind2="0" ind1="0" tag="245">
      <subfield code="a">Milk Protein-Based Edible Films: Influence on Mechanical, Hydrodynamic, Optical and Antioxidant Properties</subfield>
   </datafield>
</record></metadata></record></GetRecord></OAI-PMH>